Энергетическое оборудование для выработки и транспортировки энергоносителей и энергосбережение: Сводный каталог. 01-04; Т. 1

Dettagli Bibliografici
Ente Autore: Институт промышленных каталогов (Инпромкаталог)
Lingua:russo
Pubblicazione: Москва, ИНПРОМКАТАЛОГ, 2005
Serie:Каталог
Soggetti:
Natura: Libro
KOHA link:https://koha.lib.tpu.ru/cgi-bin/koha/opac-detail.pl?biblionumber=79718

MARC

LEADER 00000nam0a2200000 4500
001 79718
005 20231031094343.0
035 |a (RuTPU)RU\TPU\book\85697 
090 |a 79718 
100 |a 20050825d2005 k y0rusy50 ca 
101 0 |a rus 
102 |a RU 
105 |a a b 001zy 
200 1 |a Энергетическое оборудование для выработки и транспортировки энергоносителей и энергосбережение  |e Сводный каталог. 01-04  |f Институт промышленных каталогов  |h Т. 1 
210 |a Москва  |c ИНПРОМКАТАЛОГ  |d 2005 
215 |a 124 с.  |c ил. 
225 1 |a Каталог  |e Сводный каталог 
320 |a Перечень производителей энергетического оборудования, представленного в каталоге, и их адреса: с. 123 
610 1 |a энергетическое оборудование 
610 1 |a производство 
610 1 |a Россия 
610 1 |a СНГ 
610 1 |a фирмы-производители 
610 1 |a предприятия 
610 1 |a сводные каталоги 
675 |a 620.9.002.5(085)  |v 3 
712 0 2 |a Институт промышленных каталогов (Инпромкаталог)  |c (Москва)  |2 stltpush  |3 (RuTPU)RU\TPU\col\5845 
801 1 |a RU  |b 63413507  |c 20050825  |g PSBO 
801 2 |a RU  |b 63413507  |c 20090211  |g PSBO 
942 |c BK